000 01535nam a2200385 a 4500
001 000115143
003 CHAP
005 20220329144518.0
008 181025s2018 mx a sm |||||||spa d
010 _a111604
011 _a112576
040 _cCHAP
090 _aTesis
100 1 _aMartínez Higinio, Mayra Itzel.
_9136078
245 1 0 _aEvaluación de severidad de enfermedades en 14 genotipos de frijol (Phaseolus vulgaris L.) en el valle de México /
_h[En línea]
_cpor Mayra Itzel Martínez Higinio.
260 _aChapingo, Méx. :
_bEl autor,
_c2018.
500 _aPara ver el contenido del material haga clic en la liga
502 _aTesis (Ing. Agr. Esp. en Parasitología Agrícola) -- UACH. Departamento de Parasitología Agrícola
590 _aBATCH-UPD
_b10
_c20190616
_lUCH01
_h1535
590 _aE11695DGD
_b10
_c20190616
_lUCH01
_h1534
590 _aE8697GMM
_b05
_c20181025
_lUCH01
_h1330
590 _aE8697GMM
_b05
_c20181025
_lUCH01
_h1331
590 _aE8697GMM
_b05
_c20181025
_lUCH01
_h1332
590 _aE8697GMM
_b05
_c20181029
_lUCH01
_h0859
590 _aE8697GMM
_b05
_c20181203
_lUCH01
_h0914
590 _aE8697GMM
_b05
_c20190516
_lUCH01
_h1549
650 1 4 _aFrijol
_xEnfermedades por bacterias.
_943368
650 1 4 _aFrijol
_xEnfermedades por hongos.
_943369
650 1 4 _aFrijol
_xVariedades resistentes a enfermedades.
_943447
650 1 4 _aFrijol
_zMéxico (Edo.).
_943456
856 _aFinding aid
_uhttp://10.13.5.2/tesis/sist115143.pdf
_zTeclea aquí
901 _aBK
942 _cTESIS
942 _n0
999 _c111604
_d111604